Allied World War 2 - Statistics

General Stats
  • This quiz has been taken 77 times
  • The average score is 5 of 5
Answer Stats
Hint Answer % Correct
Allied United Kingdom
100%
Allied United States
97%
Allied France
96%
Allied Soviet Union
92%
Allied China
68%
No matching quizzes found
Score Distribution
Percent of People with Each Score
Percentile by Number Answered
Your Score History
You have not taken this quiz